Cellular Robotics and Micro Robotic Systems
This work introduces various topics, from concepts to the latest research, on cellular and micro-robotic systems. The cellular robotic system is a self-organizing robotic system composed of a large number of autonomous robotic units, named "cells". This idea came from the organic structure...
Salvato in:
| Autore principale: | |
|---|---|
| Natura: | Libro |
| Lingua: | Undetermined |
| Pubblicazione: |
Singapore,River Edge, N.J.
World Scientific
1994
|
| Soggetti: | |
| Tags: |
Aggiungi Tag
Nessun Tag, puoi essere il primo ad aggiungerne! !
|
| Thư viện lưu trữ: | Trung tâm Học liệu Trường Đại học Cần Thơ |
|---|
| LEADER | 01244nam a2200205Ia 4500 | ||
|---|---|---|---|
| 001 | CTU_156827 | ||
| 008 | 210402s9999 xx 000 0 und d | ||
| 020 | |c 64 | ||
| 082 | |a 629.892 | ||
| 082 | |b F961 | ||
| 100 | |a Fukuda, T. | ||
| 245 | 0 | |a Cellular Robotics and Micro Robotic Systems | |
| 245 | 0 | |c T. Fukuda & T. Ueyama. | |
| 260 | |a Singapore,River Edge, N.J. | ||
| 260 | |b World Scientific | ||
| 260 | |c 1994 | ||
| 520 | |a This work introduces various topics, from concepts to the latest research, on cellular and micro-robotic systems. The cellular robotic system is a self-organizing robotic system composed of a large number of autonomous robotic units, named "cells". This idea came from the organic structure of a living body. Several topics in this area are covered, such as swarm intelligence, communications and robotic mechanisms. Micro-mechanisms, control and intelligence, with respect to this system are treated here. The combination of both technologies will prepare the way for a new paradigm in the field of engineering. | ||
| 650 | |a Robotics,Automatic control,Microelectronics,Người máy học,Điều khiển tự động | ||
| 904 | |i Năm | ||
| 980 | |a Trung tâm Học liệu Trường Đại học Cần Thơ | ||